000 01302nam a2200241 i 4500
001 154509
003 ES-MaACL
005 20230906205747.0
008 931025s1648 sp a |||| | spa d
040 _aPAB
_bspa
_cPAB
100 1 _aGóngora y Argote, Luis de.
_958246
245 1 0 _aSegunda parte del tomo segundo de las Obras de Don Luis de Gongora /
_ccomentadas por Don Garcia de Salzedo Coronel ... ; con dos indices.
260 _aEn Madrid :
_bpor Diego Diaz de la Carrera,
_c1648.
300 _a[10], 574 [i.e. 582], [38] p. ;
_c4º.
594 _aTit. en front. : "Obras de Don Luis de Gongora comentadas dedicalas ... Don Garcia de Salcedo Coronel ... tomo segundo"
596 _aEn el pie de imp. del front. consta, además, dato de editor : "A costa de Pedro Laso, mercader de libros"
597 _aSign. : [ ]¹, ¶4, A-2P8, 2Q4, 2R².
597 _aErrores tip. de pág. : de p. 293 retrocede a p. 288 y repite las p. 373-374.
599 _aFront. calc. : "Fran\pco\s. Nauarro. Ft"
700 1 _aLaso, Pedro.
_9128723
700 1 _aSalcedo Coronel, García de.
_9132328
852 _aES-MaACL
_jR-1453-54
_z-- Enc. pasta española
_z-- Enc. también los prelim. de la primera parte del segundo tomo (3*8) a continuación de los prelim. de éste tomo .
_x Olim: G-13687-88
999 _c154509
_d154509